[Event "Gibraltar Masters 2017"]
[Site "Caleta Hotel"]
[Date "2017.01.29"]
[Round "6.3"]
[White "Sutovsky, Emil"]
[Black "Anton Guijarro, David"]
[Result "0-1"]
[WhiteElo "2628"]
[BlackElo "2650"]
[Annotator "Saunders,John"]
[PlyCount "112"]
[EventDate "2017.??.??"]

1. e4 e5 2. Nf3 Nc6 3. Bb5 a6 4. Ba4 Nf6 5. O-O Be7 6. Re1 b5 7. Bb3 d6 8. c3
O-O 9. h3 Na5 10. Bc2 c5 11. d4 Nd7 12. Nbd2 exd4 13. cxd4 Nc6 14. d5 Nce5 15.
a4 Bb7 16. Nxe5 Nxe5 17. f4 Ng6 18. Nf3 Bf6 19. g3 Qd7 20. Kg2 Rfe8 21. Ra3 Bd8
22. h4 Nf8 23. h5 h6 24. f5 Bf6 25. Nh2 Nh7 26. Ng4 Bd4 27. axb5 axb5 28. Rxa8
Rxa8 29. b4 Ra2 30. bxc5 dxc5 31. Be3 Bxe3 32. Nxe3 Nf6 33. Kh3 Qd6 {[#]
Material is level but White's pawn structure is creaking and he faces a coming
onslaught from Black's connected passed pawns on the queenside. He decided it
was time to mix things up tactically but the young Spaniard was ready for him.}
34. e5 $5 Qxe5 35. d6 Rxc2 $1 ({Black's last hope was for Black to blockade
the d-pawn with} 35... Nd7 $2 {when he can draw with} 36. Nd5 $1 Qxd5 37. Re8+
Kh7 38. f6+ g6 39. hxg6+ {but instead Black lands a powerful tactical
counterstroke.}) 36. d7 (36. Qxc2 {loses to} Ne4 {, etc}) (36. Nxc2 Qxf5+ 37.
g4 Qf2 {leads to mate or huge material loss.}) 36... Nxd7 ({Good enough to win
comfortably but engines find a spectacular way to victory:} 36... Ne4 $3 37.
d8=Q+ Kh7 {when, despite the possession of two queens, White is unable to
defend against the four-piece attack against his king, e.g.} 38. Qh4 Nf2+ 39.
Kh2 Qxe3 $1 {, leading to mate, though the blizzard of complications ensuing
probably explain why Black rejected this line}) 37. Nxc2 (37. Qxd7 Rg2 $1 38.
Nxg2 Bxg2+ 39. Kxg2 Qxe1 {and Black will soon be two or more pawns up, with a
very safe king.}) 37... Qxf5+ 38. g4 Qd5 39. Qxd5 Bxd5 {There is still a
technical task to win but with three pawns for the exchange, Black is assured
of ultimate victory.} 40. Re8+ Kh7 41. Rc8 b4 42. Ne3 Be6 43. Rc7 g5 44. hxg6+
Kxg6 45. Kg3 Kf6 46. Kf4 Ke7 47. Rc6 b3 48. Nd1 {Allowing a mini-tactic but
there is nothing to be done.} Bxg4 $1 49. Nc3 Be6 50. Rc8 c4 51. Ke3 Kf6 52.
Ne4+ Kg7 53. Rc7 Nf6 54. Nc3 Nd5+ 55. Nxd5 Bxd5 56. Kd2 Be6 0-1

[Event "Gibraltar Masters 2017"]
[Site "Caleta Hotel"]
[Date "2017.01.30"]
[Round "7.20"]
[White "Ider, Borya"]
[Black "Hou, Yifan"]
[Result "0-1"]
[WhiteElo "2463"]
[BlackElo "2651"]
[Annotator "Saunders,John"]
[PlyCount "104"]
[EventDate "2017.??.??"]

1. d4 Nf6 2. Nf3 b6 3. Bf4 Bb7 4. e3 g6 5. h3 Bg7 6. Be2 d6 7. c4 Nbd7 8. Nc3
O-O 9. O-O e6 10. Qc2 Nh5 11. Bh2 f5 12. d5 (12. b4 {, 12.Nd2 and 12.Rfd1 have
all been played here before.}) 12... e5 13. g4 {Very provocative and ruining
the pawn structure in front of his castled king.} fxg4 14. hxg4 Nhf6 15. Ng5 {
[#]Not a particularly riveting game so far but now the fun really starts.} Nxd5
$5 16. Ne6 Nxc3 17. Nxd8 Nxe2+ 18. Qxe2 Bf3 19. Qd3 Nc5 20. Qa3 Rfxd8 {Black
has only secured two minor pieces and a pawn for the queen but she has a few
additional positional pluses, including control of the light squares on the
long diagonal, and domination of the weak h2 bishop. Even so it is not
entirely obvious that Black has genuine compensation.} 21. e4 ({White hopes
Black takes the bait but she is not tempted since Bxe4 would mean ceding
control of 3. Instead the more natural} 21. b4 Ne4 22. Rac1 {might be worth a
try, even though it looks as if Black will ultimately be able to launch a
kingside attack without White being able to mount a strong enough defence.})
21... Rf8 22. Rae1 Bh6 23. b4 Ne6 (23... Nxe4 {allows the exchange sacrifice}
24. Rxe4 Bxe4 {when} 25. f3 {allows the white king to breathe a little easier.}
) 24. c5 Nd4 25. Qd3 b5 {Black increases her vice-like grip on the position.
It is difficult to see how White can ever open up the position in order to
exploit his material advantage.} 26. Bg3 Bg5 27. a4 a6 28. Qa3 Bxg4 29. Rd1 {
White offers another exchange sacrifice in his keenness to shake Black's
all-board blockade but Hou Yifan is still not biting.} Nf3+ 30. Kg2 dxc5 31.
bxc5 h5 {Black reveals part of her simple plan: to advance the h-pawn in order
to win back material or perhaps give mate.} 32. Qa2+ Kh7 33. Qd5 Rae8 34. Qc6
Re7 35. Rd3 (35. axb5 axb5 36. Qxb5 h4 37. Bh2 {loses to} h3+ 38. Kh1 Nxh2 {,
etc.}) 35... h4 36. Bh2 bxa4 37. Qxa4 Kh6 {Black is in no hurry, feeling that
she has White where she wants him.} 38. Qa3 Ref7 39. Qb2 Re7 40. c6 a5 41. Rb3
Kg7 42. Rb5 ({A mistake but, even after looking at the position with a
computer for a long while, it is barely possible to say why.} 42. Rxf3 Bxf3+
43. Kg1 $5 {is one computer suggestion but it also looks risky in the long
term with the white king so vulnerable to a mating attack.}) 42... h3+ 43. Kh1
{[#]Now Black goes all in.} Nxh2 $1 44. Rxe5 Bf3+ 45. Kg1 (45. Kxh2 {allows
mate after} Bf4+ 46. Kxh3 Rxe5 {, etc.}) 45... Nxf1 $3 {[#]A position to
savour. Black has nerves of steel, simply allowing White what looks like a
devastating double check, winning a rook and setting up a queen check on g7.
But Hou Yifan has calculated it all through to a remarkable conclusion in
which Black's greatly depleted forces triumph over White's larger but
strangely impotent heavy pieces.} 46. Rxe7+ Kh6 {Black had taken seven minutes
over her 44th move but her subsequent series of moves came after only a few
seconds each, suggesting that she had calculated all the way through to the
win.} 47. Qg7+ Kh5 48. Qh7+ Kg4 49. Re8 (49. Rxc7 h2+ 50. Kxf1 h1=Q+ 51. Qxh1
Bxh1 {is simple enough.}) ({And after} 49. Kxf1 {the killer move is} Rb8 $1 {
when White can do nothing about the threat to his back rank.}) 49... Rxe8 50.
Qd7+ Kh4 51. Kxf1 (51. Qh7+ Bh5 52. Kxf1 Rb8 {is hopeless.}) 51... Rd8 52. Qh7+
Kg4 0-1

[Event "Gibraltar Masters 2017"]
[Site "Caleta Hotel"]
[Date "2017.01.30"]
[Round "7.5"]
[White "Svidler, Peter"]
[Black "Short, Nigel D"]
[Result "1/2-1/2"]
[WhiteElo "2748"]
[BlackElo "2675"]
[Annotator "Saunders,John"]
[PlyCount "59"]
[EventDate "2017.??.??"]
[WhiteClock "0:13:30"]
[BlackClock "0:31:55"]

1. e4 e6 2. d4 d5 3. Nc3 Nf6 4. e5 Nfd7 5. f4 c5 6. Nf3 Nc6 7. Be3 Be7 8. Qd2
O-O 9. a3 cxd4 10. Nxd4 Nxd4 11. Bxd4 Nb8 12. Bd3 Nc6 13. Bf2 a6 14. O-O f6 15.
exf6 Bxf6 16. Na4 b5 17. Nb6 Rb8 18. Nxc8 Qxc8 19. c3 g6 20. Qe2 Qd7 21. Rae1
e5 22. Bc5 Rf7 23. fxe5 Bxe5 24. Rxf7 Qxf7 25. a4 bxa4 26. Bxa6 Qc7 27. Kh1
Bxh2 {[#]Black has just played 27...Bxh2 and the game continuation was} 28. Bb5
({Instead the computer plays} 28. Qe6+ Kg7 (28... Kh8 {meets the same reply})
29. Bb5 $3 Rxb5 {- not much choice other than to accept the sacrifice since
otherwise White gains the d4 square for a lethal check with his bishop on the
long diagonal -} 30. Bf8+ $3 Kxf8 (30... Kh8 31. Bh6 {and mate in a further
three moves}) 31. Qf6+ Qf7 32. Qh8+ Qg8 33. Rf1+ Ke7 34. Qxg8 {and White will
win easily.}) 28... Ne5 29. Bd4 Bg3 30. Bxe5 1/2-1/2

[Event "Gibraltar Masters 2017"]
[Site "Caleta Hotel"]
[Date "2017.01.30"]
[Round "7.6"]
[White "Gelfand, Boris"]
[Black "Maze, Sebastien"]
[Result "1-0"]
[WhiteElo "2721"]
[BlackElo "2613"]
[Annotator "Saunders,John"]
[PlyCount "113"]
[EventDate "2017.??.??"]

1. d4 Nf6 2. c4 e6 3. Nf3 d5 4. g3 dxc4 5. Bg2 c5 6. O-O Nc6 7. Qa4 Bd7 8. Qxc4
b5 9. Qc3 cxd4 10. Nxd4 Nxd4 11. Qxd4 Rc8 12. Bf4 Bc5 13. Qd3 Qb6 14. Nd2 O-O
15. Ne4 Rfd8 16. Nxc5 Bc6 17. Qb3 Bxg2 18. Kxg2 Rxc5 19. Rac1 Rxc1 20. Rxc1 Nd5
21. Bg5 f6 22. Bd2 f5 23. Qc2 Rd7 24. Qc8+ Rd8 25. Qc5 Qb7 26. Qc6 Qxc6 27.
Rxc6 Ne7 28. Rc2 Kf7 29. Bb4 Nd5 30. Ba5 Rd7 31. Kf3 Ne7 32. e4 a6 33. Ke3 fxe4
34. Kxe4 h5 35. Bc7 Rd1 36. Bf4 Nd5 37. Bg5 Nf6+ 38. Kf3 Rd5 39. Bd2 g5 40. Ke2
h4 41. Rc7+ Kg6 42. gxh4 gxh4 43. Rc6 Ng4 44. Rxe6+ Kf5 45. Rxa6 Nxf2 46. Rh6
Kg4 47. Be1 Nd3 48. h3+ Kxh3 49. Rxh4+ Kg2 50. Rg4+ Kh2 51. b3 Nc1+ 52. Kf1
Rf5+ 53. Bf2 Rh5 54. Rg2+ Kh1 55. Rg4 {[#]Here White had set a deadly trap by
checking with his rook on g2 and returning to g4. Black has a choice of
returning to h2 with his king to h2 or equalising the material. He makes the
wrong choice.} Nxa2 $2 ({After} 55... Kh2 56. a4 Nxb3 57. axb5 Nd2+ 58. Ke2
Rxb5 59. Kxd2 {is a drawn R+B v R endgame according to the tablebase. The text
leads to a win for White.}) 56. Bg3 $1 Nc3 (56... Rh3 57. Be5 $1 Rf3+ 58. Ke2
Rf5 59. Bf4 {and White mates (or wins material) as in the game.}) 57. Bf4 (57.
Bf4 Ne2 {is the only way to stop the immediate mate but White has} 58. Kxe2 Rc5
59. Kf1 {and soon mates anyway.}) 1-0

[Event "Gibraltar Masters 2017"]
[Site "Caleta Hotel"]
[Date "2017.01.31"]
[Round "8.15"]
[White "Hou, Yifan"]
[Black "Ju, Wenjun"]
[Result "0-1"]
[WhiteElo "2651"]
[BlackElo "2583"]
[Annotator "Saunders,John"]
[PlyCount "72"]
[EventDate "2017.??.??"]

1. e4 e6 2. d4 d5 3. Nc3 Nf6 4. e5 Nfd7 5. f4 c5 6. Nf3 Nc6 7. Be3 Be7 8. Qd2
O-O 9. dxc5 Nxc5 10. O-O-O a6 11. Qf2 b6 12. Nd4 Qc7 13. g3 (13. Kb1 Bb7 14.
Nxc6 Bxc6 {was the continuation in So-Nakamura, US Championship 2016, which
ended in a draw. Hou Yifan prefers something more aggressive.}) 13... Bb7 14.
Bg2 Na5 15. f5 Qxe5 16. Bf4 Qf6 17. h4 e5 18. Nxd5 $5 ({An alternative was} 18.
Bg5 Qd6 19. Bxe7 Qxe7 {but this might only be a change of move order since} 20.
Nxd5 {looks like the best try anyway.}) 18... Bxd5 19. Bg5 Qd6 20. Bxe7 Qxe7
21. Bxd5 exd4 22. Bxa8 Rxa8 {Black is now nominally ahead on material, with
two knights for a rook but actually the smoke hasn't quite cleared yet.} 23.
Rhe1 Qc7 24. b4 (24. Rxd4 {is playable, but not 24.Qxd4?? since that would
cost White her queen after either Nb3+.}) 24... Nc6 25. bxc5 bxc5 {Now it is
clear that White is up by an exchange for a pawn but that Black has a slight
positional compensation, making the overall assessment close to equal.} 26. Qf4
Qb6 27. Qd6 h5 28. Re5 (28. Qd7 {looks like a way to play for a draw, with
Re8+, a capture on f7 and a possible perpetual check, but perhaps White is
still playing for more.}) 28... c4 29. Rde1 c3 {With nasty threats at both
ends of the board, play gets decidedly sharp.} 30. Re8+ Rxe8 31. Rxe8+ Kh7 {[#]
} 32. Qd5 $2 ({The outcome of the game centres on this choice of move by Hou
Yifan. Instead} 32. f6 {leads to a draw. White threatens tricks such as Rh9+!
followed by Qf8+ and mate on g7, but Black can proceed with} Qb2+ 33. Kd1 Qb1+
34. Ke2 Qxc2+ {and take perpetual. After the text move, suddenly analysis
engines were flagging up a winning line for Black. But it wasn't easy to
calculate in the seven minutes remaining to Black. Would she play the winning
line? Five minutes ticked by...}) 32... d3 $3 {... and she played it. (I
supposed it helped that it threatened a fairly obvious mate in two but the
subsequent play also had to be weighed up.)} 33. Qxd3 Nb4 $1 (33... Qg1+ $4 34.
Qd1 {would lose, of course. Having played A,, Black must play B and she does.})
34. Qe4 Qg1+ 35. Qe1 Qg2 $1 36. Qe4 ({The refutation of} 36. Qe2 {is perhaps
the hardest to see:} Qh1+ 37. Qe1 ({Not} 37. Qd1 Nxa2+ {, etc}) 37... Qb7 $3 {
and White has a curious shortage of viable defences.}) 36... Qd2+ {It is mate
next move.} 0-1

[Event "Gibraltar Masters 2017"]
[Site "Caleta Hotel"]
[Date "2017.01.31"]
[Round "8.14"]
[White "Huzman, Alexander"]
[Black "Howell, David W L"]
[Result "0-1"]
[WhiteElo "2557"]
[BlackElo "2655"]
[Annotator "Saunders,John"]
[PlyCount "94"]
[EventDate "2017.??.??"]

1. Nf3 Nf6 2. c4 g6 3. b3 Bg7 4. Bb2 c5 5. g3 d6 6. Bg2 e5 7. O-O Nc6 8. Nc3
O-O 9. e3 Bf5 10. d3 Qd7 11. Ng5 Rab8 12. Nge4 Bh3 13. Nxf6+ Bxf6 14. Ne4 Bg7
15. Bxh3 Qxh3 16. Nxd6 f5 17. Qe2 a6 18. b4 f4 19. Rfd1 Nxb4 20. Ne4 b6 21. Bc3
Nc6 22. Rab1 f3 23. Qf1 Qd7 24. h4 Bf6 25. Kh2 h5 26. Qh3 Qg4 27. Ba1 Bd8 28.
Nc3 Rf7 29. Nd5 Rfb7 30. d4 exd4 31. Qxg4 hxg4 32. exd4 cxd4 33. Bxd4 b5 34. c5
g5 35. Ba1 gxh4 36. gxh4 Bxh4 37. Rg1 g3+ 38. Kh3 Rh7 39. Kg4 gxf2 40. Rh1 Kf7
{[#]A very unusual position. Black has two extra pawns but they should drop
off, or at least be neutralised, if White finds the right continuation. But
instead he tried to be clever.} 41. Nf6 $4 (41. Rbf1 Rd8 42. Nf4 {and White is
still in the game.}) (41. Rxh4 $4 {would be as bad as the game move since} Rg8+
42. Kxf3 Rxh4 {wins a major slice of material.}) 41... Rg7+ 42. Kxh4 Ne7 (42...
Rh8+ $4 43. Nh5 {would be fine for White, but Huzman must have missed Howell's
devastating intermezzo, preparing the rook check on h8.}) 43. Nh5 ({Of course
if White moves the knight to e4 it will be mate in one. And if} 43. Ng4 Nf5+
44. Kh3 Rh8+ {and mate next move.}) (43. Ne8 {is an imaginative try but then}
Nf5+ 44. Kh3 Rg3+ 45. Kh2 Rxe8 {and White is soon mated.}) 43... Nf5+ 44. Kh3
Rg5 45. Rhd1 (45. Nf4 Rg3+ 46. Kh2 Rg4 47. Be5 Rxf4 $1 {wins.}) 45... Rbg8 46.
Rd7+ Ke6 47. Rh7 Rxh5+ (47... Rxh5+ 48. Rxh5 Rg1 {and Black will soon have a
new queen.}) 0-1

[Event "Gibraltar Masters 2017"]
[Site "Caleta Hotel"]
[Date "2017.02.01"]
[Round "9.2"]
[White "Topalov, Veselin"]
[Black "Anton Guijarro, David"]
[Result "0-1"]
[WhiteElo "2739"]
[BlackElo "2650"]
[Annotator "Saunders,John"]
[PlyCount "84"]
[EventDate "2017.??.??"]

1. e4 e5 2. Nf3 Nc6 3. Bb5 a6 4. Ba4 Nf6 5. O-O Be7 6. Re1 b5 7. Bb3 d6 8. c3
O-O 9. h3 Na5 10. Bc2 c5 11. d4 Nd7 12. Nbd2 exd4 13. cxd4 Nc6 14. d5 Nce5 15.
a4 Bb7 16. Qe2 (16. Nxe5 Nxe5 17. f4 Nd7 18. Nf3 Re8 {was Topalov's choice
against Adams in the Cap d'Agde rapidplay in 2003. The text appears to be new,
and more circumspect.}) 16... Rb8 17. Nxe5 Nxe5 18. axb5 axb5 19. Nf1 ({
Topalov's 2003 plan with} 19. f4 {seems more his style.}) 19... Re8 20. Ne3 Bf6
21. Bd2 Bc8 {[#]After the game Anton thought he had been given an easy ride at
the start of the game. White doesn't appear to have got much from the opening,
indicating a lack of preparedness.} 22. Ba5 {Anton thought the plan of Ba5
followed by Bc3 was "too slow as he didn't have enough time to play g3 and f4".
} Qe7 23. Bc3 Ng6 {"I controlled f4 and e5 and it seemed very easy for me to
play" )Anton)} 24. Qf3 Bxc3 25. bxc3 Qg5 26. Kh2 h5 27. Ra7 Re7 28. Rxe7 Nxe7
29. Ra1 Ng6 30. Qg3 $6 {This allows Black to attack the c-pawn with his queen
and more or less force an advantageous exchange of minor pieces.} Qf6 {The
threat now is not Qxc3 (which would allow Qxd6) but b4, exploiting the loose
rook on a1.} 31. Nf5 ({White's instincts are to go forward but} 31. Nd1 {might
be more prudent, despite giving rather an ugly impression.}) 31... Bxf5 32.
exf5 {Black is now a virtual pawn up on the queenside.} Ne5 33. Rb1 h4 34. Qf4
g5 35. Qe3 Nc4 36. Qc1 Kg7 37. Bd3 Ne5 38. Be4 g4 39. hxg4 Nxg4+ 40. Kg1 Qh6
41. Qxh6+ Kxh6 42. Kf1 Kg5 {[#]White resigned. A little surprisingly, since
material is still level and the winning plan not yet absolutely clear. "I was
a bit surprised [by his resignation] - it seems completely winning, [the
material is equal] but it is very easy for me to play, Kg5 and b4, and he's
playing for nothing." (Anton) Even so one could hardly envisage the Topalov of
ten years ago not giving it everything to save the game.} 0-1

[Event "Gibraltar Masters 2017"]
[Site "Caleta Hotel"]
[Date "2017.02.01"]
[Round "9.4"]
[White "Adams, Michael"]
[Black "Sethuraman, S.P."]
[Result "1-0"]
[WhiteElo "2751"]
[BlackElo "2637"]
[Annotator "Saunders,John"]
[PlyCount "87"]
[EventDate "2017.??.??"]

1. c4 e5 2. g3 c6 3. d4 e4 4. Nc3 d5 5. Bg2 Nf6 6. cxd5 cxd5 7. Bg5 Nbd7 8. Qb3
Bd6 9. Nh3 h6 10. Bf4 Nb6 11. Be5 {So far Mickey Adams is following the moves
of a game played by an English amateur player, Andrew Stone, in a tournament
in Austria last year.} Ng4 {Taking the game out of the book} 12. Bxg7 Rg8 13.
Be5 Nxe5 14. dxe5 Bxe5 15. Rd1 Be6 {[#]} 16. Nxe4 $5 {This move involves the
calculation of a long line leading to an exchange sacrifice. There is a flaw
in the execution, however, but both players were oblivious to this until
informed of it after the game by those who had access to computer analysis.}
Qc8 17. Nf4 dxe4 (17... Bxf4 18. Nf6+ Ke7 19. Nxg8+ Qxg8 20. a4 {and the
computer prefers White.}) 18. Qb5+ Nd7 19. Rxd7 $2 {[#]} ({A move order
mistake by White. In fact, after} 19. Nxe6 fxe6 20. Rxd7 Qxd7 21. Qxe5 {, his
plan remains on course and he has enough compensation for the exchange
sacrifice.}) 19... Qxd7 $2 ({Here Black had the chance to play} 19... Bxf4 {
and the computer is satisfied that Black emerges with a material advantage. It
forms a remarkable twin with Hou Yifan's win in round seven where she allowed
her opponent a visually devastating double check opportunity with queen and
rook on a diagonal. As regards this game, it is quite understandable that the
players should have overlooked it since some of the sub-variations would
require the sort of computing power that is beyond the capability of the
organic brain, e.g.} 20. Rc7+ (20. Rd1+ Bd7 21. Qb4 Bc6 22. Bxe4 a5 23. Qc4 Be5
{is probably winning for Black}) 20... Bd7 21. Rxc8+ Rxc8 {and White is faced
with an attack on his queen and the threat of Rc1 mate.}) 20. Qxe5 O-O-O 21.
O-O {White has thus sacrificed rook for knight and pawn, but he also has
compensation by way of pressure against the e4-pawn and the immediate threat
of Rc1+. In fact, a second pawn must go.} Qc7 22. Qxe4 Kb8 (22... Bxa2 {allows}
23. Qa4 {and the capture of the a7-pawn, while various other bishop moves
allow Nd5 and Ne7+ regaining the exchange.}) 23. Nxe6 fxe6 24. Qxe6 h5 25. Qf6
Rdf8 26. Qh4 {Not the sort of position Black would want to have against a
player of Adams' style and calibre.} Rf5 27. Bf3 Rd8 28. Kg2 Rc5 29. b4 Rc4 30.
Qxh5 Rxb4 {Now White has a potential array of four connected passed pawns
though, typically, White is in no hurry to deploy them all as some of them are
better used to protect his king.} 31. Qg5 Qd6 32. Rc1 a6 33. h4 Rb5 34. Qg7 Rd7
35. Qh8+ Rd8 36. Qc3 a5 37. h5 a4 38. h6 {A small tactical device designed to
exchange the h-pawn for Black's a-pawn and also to gain more activity for the
white rook.} Qxh6 39. Qc7+ Ka7 40. Rc4 {With his d8 rook attacked, Black can't
hold the a-pawn.} Rd6 41. Rxa4+ Ra6 42. Rh4 Qf8 43. a4 Rb4 44. Rf4 $1 {[#]An
unusual trick, effectively forking queen and rook with a rook, since the b4
rook cannot move off the b-file because of the threat of mate on b7.} 1-0